000 00934nam a22002777a 4500
001 7199
003 FISKH
005 20250702102919.0
008 250702b cb ||||| |||| 00| 0 eng d
040 _aFISKH
_beng
_cFISKH
_dFISKH
050 _aPZ7.Z715 P
082 _a813.54
100 _aCase, Cassandra
245 _aA, B, C with Pooh :
_bMy very first Winnie the Pooh /
_cCassandra Case ; Illustrated by Orlando de la Paz and John Harmon
260 _aNew York :
_bGrolier Books,
_c1999.
300 _a32 unnumbered pages :
_bcolor illustrations ;
_c20 cm
505 _aF
520 _aChristopher Robbin looks for his missing alphabet blocks.
521 8 _a300
_bLexile estimate
521 8 _aF
_bRaz-Plus
650 _aAlphabet book
_vChildren's literature
_xPicture book
700 _aPaz, Orlando de la
_eillustrator
700 _aHarmon, John
_eillustrator
942 _2ddc
_cBK
_n0
999 _c7199
_d7199